000 00874cam a22002415a 4500
005 20091103014612.0
008 090911s2009 ii ab b 100 0 eng d
010 _aENG-95389
020 _a9788131305850
_c695.00
035 _aEN-78922
037 _aDBAD/PUB
040 _aDPL
_beng
082 _a503
100 _aMittal, Arun
245 _aDicitionary of science /
_c by Arun Mittal
260 _aNew Delhi :
_bAPH Publishing Corporation
_c2009
270 _a4435-36/7. Ansari road, Darya Ganj
_bNew Delhi
_e110002
300 _a 306p.
_c22 cm. (Hb)
520 _aContributed articles.
942 _2ddc
_cEN
_mMIT
_h503
999 _c31561
_d31561